000
00326cam a2200145ua 4500
041
_a
eng
_h
082
_a
334.01
_b
BOY/PR
100
_a
Bogards, Emorys .
245
_a
Principles of corparation
260
_a
U.S.A :
_b
Co operative league ,
_c
1958.
300
_a
; .
504
_a
942
_c
BK
999
_c
11157
_d
11157